书目信息 |
| 题名: |
马克思恩格斯选集
|
|
| 作者: | 马克思 , 恩格斯 著 ;韦建桦 主编 ;中共中央马克思恩格斯列宁斯大林著作编译局 编译 | |
| 分册: | 第二卷 | |
| 出版信息: | 北京 人民出版社 1972.05 |
|
| 页数: | 771页 | |
| 开本: | 21cm | |
| 丛书名: | ||
| 单 册: | ||
| 中图分类: | A11 | |
| 科图分类: | ||
| 主题词: | 马恩著作--ma en zhu zuo--文集 | |
| 电子资源: | ||
| ISBN: | ||
| 000 | 01329nam0 2200265 450 | |
| 001 | 2135528539 | |
| 005 | 20210623095702.29 | |
| 010 | @b精装@dCNY1.30 | |
| 100 | @a20100601d1972 em y0chiy0120 ea | |
| 101 | 1 | @achi@crus |
| 102 | @aCN@b110000 | |
| 105 | @ay z 000yy | |
| 200 | 1 | @a马克思恩格斯选集@Ama ke si en ge si xuan ji@e1843-1848@h第二卷@f中共中央马克思恩格斯列宁斯大林著作局编译@Fzhong gong zhong yang ma ke si en ge si lie ning si da lin zhu zuo bian yi ju bian yi |
| 210 | @a北京@c人民出版社@d1972.05 | |
| 215 | @a771页@d21cm | |
| 314 | @a责任者取自书中 | |
| 330 | @a本套书共十卷,第一卷为马克思主义形成时期的著作;第二卷为欧洲1848年革命前后时期的著作;第三卷为第一国际成立至马克思逝世前的著作;第四卷为恩格斯在马克思逝世后所写的著作;第五、六、七卷为《资本论》;第八卷为《〈资本论〉手稿选编》;第九卷为恩格斯的《反杜林论》和《自然辩证法》;最后一卷为书信专卷。 | |
| 606 | 0 | @a马恩著作@Ama en zhu zuo@j文集 |
| 690 | @aA11@v4 | |
| 701 | 1 | @a马克思@Ama ke si@g(Marx, Karl),@f1818-1883@4著 |
| 701 | 1 | @a恩格斯@Aen ge si@g(Engels, Friedrich),@f1820-1895@4著 |
| 702 | 0 | @a韦建桦@Awei jian hua@4主编 |
| 712 | 02 | @a中共中央马克思恩格斯列宁斯大林著作编译局@Azhong gong zhong yang ma ke si en ge si lie ning si da lin zhu zuo bian yi ju@4编译 |
| 801 | 0 | @aCN@bQSSK@c20100604 |
| 905 | @b780701-02@dA11@eM0871:2@f2 | |
| 马克思恩格斯选集:1843-1848.第二卷/中共中央马克思恩格斯列宁斯大林著作局编译.-北京:人民出版社,1972.05 |
| 771页;21cm |
| ISBN (精装):CNY1.30 |
| 本套书共十卷,第一卷为马克思主义形成时期的著作;第二卷为欧洲1848年革命前后时期的著作;第三卷为第一国际成立至马克思逝世前的著作;第四卷为恩格斯在马克思逝世后所写的著作;第五、六、七卷为《资本论》;第八卷为《〈资本论〉手稿选编》;第九卷为恩格斯的《反杜林论》和《自然辩证法》;最后一卷为书信专卷。 |
| ● |
| 相关链接 |
|
|
|
正题名:马克思恩格斯选集
索取号:A11/M0871:2
 
预约/预借
| 序号 | 登录号 | 条形码 | 馆藏地/架位号 | 状态 | 备注 |
| 1 | 0028687 | 200286877 | 社科库509/509社科库 1排1列5层/ [索取号:A11/M0871:2] | 在馆 |